Grateful reflections of a Bishop

Bibliographic Details
Main Author: Grutka, Andrej G., 1908-1993 (Author)
Format: Book
Language:English
PhysicalDescription:56 s. 18 cm
Published: [S.l. s.n.] 1977
Subjects:

MARC

LEADER 00000nam a2200000 a 4500
001 vtls001284990
003 SK-MaSNL
005 20260301064827.0
008 250313s1977 xxu r eng
015 |a SNBZSA1997-00207 
035 |a SNK000236499 
035 |a urn:nbn:sk:snk-amlpav 
035 |a urn:nbn:sk:snk-am00c2c4 
035 |a C57E0D3D-721D-49E4-989B-3D7551A9D2B4 
040 |a SNK  |b slo  |c SNK  |e AACR2 
041 0 |a eng 
044 |a US 
080 |a 242=20  |2 1981 
100 1 |a Grutka, Andrej G.,  |d 1908-1993  |4 aut  |9 63671 
245 1 0 |a Grateful reflections of a Bishop  |c Andrew G. Grutka 
260 |a [S.l.  |b s.n.]  |c 1977 
300 |a 56 s.  |c 18 cm 
650 0 7 |a náboženstvo kresťanské  |x úvahy  |x citáty  |2 SNK  |9 382677 
655 7 |a príručky  |2 SNK  |9 74364 
852 |a Slovenská národná knižnica 
958 |a ZS 
958 |a TL 
958 |a US 
958 |a OND 
999 |c 628365  |d 630295 
952 |t P60, <03>, [BOOK], {603}  |a SNK  |b SNK  |y PREZ  |7 0  |p 17A0060256  |o snkSD 68533  |i snkV 966/97  |0 0  |1 0  |4 0  |d 1997-04-28  |f 1  |l 0  |r 2005-01-02 00:00:00  |w 2026-02-23